00543nam a22001937a 450000500170000000800410001704000070005804100120006508200210007710000260009824500550012426000430017930000250022236500180024765000300026565000130029565000150030870000260032320220706102351.0220706b ||||| |||| 00| 0 eng d cAL aEnglish 223a342.54bLOKD aLok Sabha Secretariat aDisqualification of members on ground of Defection aNew DelhibLok Sabha Secretariatc2004 a17 p.bPBc20x14 cm. c₹d₹20.00 aConstitutional Provisions aArticles aParliament aLOK SABHA SECRETARIAT